| 000 | 00534nam a2200181Ia 4500 | ||
|---|---|---|---|
| 008 | 090124s9999 xx 000 0 und d | ||
| 082 | _b27074 | ||
| 100 | _aमुसळे गोविंद | ||
| 245 | _a काममात्र | ||
| 250 | _a1 | ||
| 260 |
_bग्रंथघर प्रकाशक _c1981 |
||
| 300 | _a177 | ||
| 600 | _aमुसळे गोविंद | ||
| 630 | _a काममात्र | ||
| 700 | _aमुसळे गोविंद | ||
| 730 | _a काममात्र | ||
| 942 | _cBOOK | ||
| 999 |
_c95734 _d95734 |
||